Estados Financieros Bs̀icos 2016. Proceso de elaboracin̤ y reexpresin̤

Bibliographic Details
Main Author: Romǹ Fuentes, Juan Carlos
Format: Book
Language:Spanish
Published: Espaą Ediciones Fiscales ISEF 2016
Subjects:
Online Access:Acceso restringido

MARC

LEADER 00000nam a22000007a 4500
005 20160202100032.0
007 cr|||| ||u|
008 160202s2016 mx ||||| |||| 00||0 spa d
020 |a 978-607-406-793-4 
035 |a 13063 
040 |a vLex  
090 |c 5873  |d 5873 
100 |a Romǹ Fuentes, Juan Carlos  
245 1 0 |a Estados Financieros Bs̀icos 2016. Proceso de elaboracin̤ y reexpresin̤  |h [Recurso electrn̤ico] /  |c Juan Carlos Romǹ Fuentes  
256 |a Servicio en ln̕ea  
260 |a Espaą  |b Ediciones Fiscales ISEF  |c 2016 
300 |a 1 recurso electrn̤ico ( 7ð edicin̤ 331 pg̀s)  
506 1 |a Contenido solo disponible en los productos indicados  |d vLex Global  |d vLex Global (Academic Edition, excluding Law Schools)  |d vLex Global (U.S. Academic Edition, Law Schools)  |d vLex Global (U.S. Academic Edition, excluding Law Schools)  |d vLex Global (Academic Edition, Law Schools) 
650 0 4 |a Derecho financiero  |z Mx̌ico  
740 0 |a vLex libros (servicio en ln̕ea)  
856 4 0 |u http://vlex.com/source/estados-financieros-basicos-13063  |z Acceso restringido  
942 |c LG 
999 0 |a Law and legislation